Types of Subdivisions - Statistics

General Stats
  • This quiz has been taken 7 times
  • The average score is 2 of 18
Answer Stats
Examples Answer % Correct
Ceuta, Buenos Aires Autonomous city
86%
Jewish Autonomous oblast
57%
Aland, South Tyrol Autonomous province
43%
Adjara, Crimea, Sakha, Bashkortostan Autonomous republic
43%
Ottoman Agaluk
0%
Balochistan, Sabar, Surat Agency
0%
Alxa Aimag
0%
Sana, Greater Amman Amanah
0%
Berlin Amt
0%
Prussia Amtsbezirk
0%
Ottoman Arpalik
0%
Arles, Pau, Paris Arrondissement
0%
Herm, Sark, Jersey Bailiwick
0%
Ajuda Bairro
0%
Khash Bakhsh
0%
Dubai Baladiyya
0%
Byzantine Bandon
0%
Adjuntas Barrio
0%
No matching quizzes found
Score Distribution
Percent of People with Each Score
Percentile by Number Answered
Your Score History
You have not taken this quiz